000 00932nas a2200241Ia 4500
001 A06/R072-21208 [r000044334]
003 IT-MiCISF
005 20260225151332.0
008 161014c99999999xx |||||||||||| ||und||
040 _aIT-MiCISF
_cIT-MiCISF
041 _ait
100 _aPalumbo Roberto (et al.)
_963296
245 0 _aLa casa per l'uomo fragile
250 _a"L'arco di Giano", n. 3, settembre-dicembre
260 _c1993
300 _app. 33-139
500 _a persona, abitazione, servizi-sanitari., anziani, servizi-anziani, psichiatria, malato-terminale
650 _aPersona
654 _adossier
700 _aNardi G., Marconi P., Pontuale L., Ranzi M., Taggi F., Guzzanti E., Mastrilli F., Tucci P.,
_aSpinelli F., Barnabei R., Banchero A., Del Nord R., Cantanti C., Montesi A.,
_aSetti Bassanini M.C., Donini V., Scapicchio P., Bianchetti A., Scorsone A.
_963297
942 _cCR
_2ddc
999 _c238576
_d238576
999 _bSi